Responses for Show #557 - Tuesday, January 27, 1987

Contestants

[<< previous game]

Anne Conable, a director of marketing from Attica, New York

Debora Flury-Kick, a bookstore manager from Baltimore, Maryland (whose 1-day cash winnings total $9,600)

Jim Crawford, a letter carrier from Seal Beach, California (whose 1-day cash winnings total $9,600)

[next game >>]

Jeopardy! Round responses

MAY
OHIO
POETIC BIRDS
ACTORS & ROLES
FOLK SONGS
IN OTHER WORDS...
    $100 2
the Brooklyn Bridge

Jim
    $100 9
Neil Armstrong

Debora
    $100 26
[The end-of-round signal sounds.]

"The Raven"

Debora
    $100 4
Charles Bronson

Jim
    $100 21
my darling Clementine

Jim
    $100 1
(Debora: [**]--or spoil the broth--what is [*]?)

too many cooks spoil the broth (too many cooks spoil the soup)

Debora
    $200 3
Columbus

Anne
    $200 13
Annie Oakley

Debora
    $200 5
John Astin

Debora
    $200 22
John Henry

Jim
    $200 16
fit as a fiddle

Debora
    $300 10
Mount St. Helens

Jim
    $300 14
Thomas Edison

Debora
    $300 6
Leslie Caron

Jim
    $300 23
(Anne: Who is Woody Guthrie?)
...
(Alex: Less than a minute to go in the round.)

Bob Dylan

JimAnne
    $300 17
it takes two to tango

Debora
    $400 11
Utah

Jim
    $400 15
[That's how the clue was displayed.]

Eddie Rickenbacker

Anne
    $400 7
(Anne: Who was Buddy Ebsen?)
...
(Alex: The actor's name was [*]; he lost by the way.)

Jackie Cooper

Anne
Triple Stumper
    $400 24
"Little Brown Jug"

Anne
    $400 18
a shot in the dark

Anne
    $500 12
a balanced budget

Triple Stumper
    $700 20
(Jim: Who are Cleveland... and Coolidge?)
(Alex: Sorry, you missed both.)
[Laughter]

(2 of) Garfield, Grant, Harding, Benjamin Harrison, Hayes, Taft or McKinley

Jim
    $500 8
Tyrone Power

Triple Stumper
    $500 25
(Anne: We'll all have [*] when she comes? What is we'll all have [*] when she comes?)

chicken & dumplings

Anne
    $500 19
take two aspirin & call me in the morning

Jim

Scores at the first commercial break (after clue 12):

Jim Debora Anne
$1,200 $400 -$200

Scores at the end of the Jeopardy! Round:

Jim Debora Anne
$1,600 $1,500 $1,200

Double Jeopardy! Round responses

ASTRONOMY
LANGUAGES
THE BIBLE
SPORTS
"NEW" CITIES
LESSER-KNOWN NAMES
    $200 22
Little Bear

Debora
    $200 9
Romania

Jim
    $200 17
the dog

Anne
    $200 5
the goalie

Jim
    $200 1
(Jim: What is New Haven?)

New London

JimDebora
    $200 2
Chevy Chase

Debora
    $400 23
(Debora: What is Pol--um, what is Mars?)

Venus

Debora
Triple Stumper
    $400 18
(Alex: Anne, you got a response?)
(Anne: Boy, it's really not coming to me; I don't know.)
(Alex: Debora knows it; the song is called "Sukiyaki" and it, of course, was sung in [*].)

Japanese

Anne
    $400 25
[The end-of-round signal sounds.]

the coat of many colors

Debora
    $400 6
badminton

Debora
    $400 13
(Alex: We got a little cute there, forgive us.)

New Delhi (new deli)

Anne
    $400 3
Sonny & Cher

Debora
    $600 24
(Anne: What is the, uh, vernal equinox?)

June 21st

Anne
Triple Stumper
    $600 19
the Isle of Man

Triple Stumper
    $600 10
Gene Tunney

Jim
    $600 14
Newcastle

Jim
    $600 4
(Alex: Making about $25,000 per painting.)

Tony Bennett

Jim
    $800 20
(Debora: What is Latin?)
(Anne: What is German?)

Chinese

DeboraAnne
Triple Stumper
    $800 11
Bob Considine

Triple Stumper
    $800 15
New Bedford

Debora
    $800 7
(Jim: Who was Milburn Stone?)
(Alex: Be more specific.)
(Jim: [No response])
...
(Alex: You were in the right area, Jim, we were referring to Gunsmoke; we were going for this TV character--Milburn played [*].)

Doc Adams

Jim
Triple Stumper
    $1000 21
(Alex: We've got less than a minute to go.)

Esperanto

Triple Stumper
    $1000 12
(Anne: Who are the DiMaggios?)
...
(Alex: Who are [*]? Guess which brother hit the most?)
[Laughter]

Hank & Tommy Aaron

Anne
Triple Stumper
    $1000 16
New Harmony

Triple Stumper
    $1000 8
Antoine

Triple Stumper

Scores at the end of the Double Jeopardy! Round:

Jim Debora Anne
$2,800 $2,900 -$1,000

[wagering suggestions for these scores]

Final Jeopardy! Round responses

WORLD POPULATIONS
JimWhat is the Vatican City?
$2,800
DeboraWhat is Lichtenstein?
$2,800
the Vatican City

Final scores:

Jim Debora Anne
$5,600 $100 -$1,000
2-day champion: $15,200 2nd place: Gibson guitar + Jules Jurgensen his & hers watches 3rd place: Swintec 8014 typewriter

Game dynamics:

Coryat scores:

Jim Debora Anne
$3,500 $2,900 -$600
14 R,
3 W
(including 1 DD)
15 R,
2 W
7 R,
6 W
(including 1 DD)

Combined Coryat: $5,800

[game clues] [game scores] [suggest correction]

Game tape date: 1986-11-04
The J! Archive is created by fans, for fans. Scraping, republication, monetization, and malicious use prohibited; this site may use cookies and collect identifying information. See terms. The Jeopardy! game show and all elements thereof, including but not limited to copyright and trademark thereto, are the property of Jeopardy Productions, Inc. and are protected under law. This website is not affiliated with, sponsored by, or operated by Jeopardy Productions, Inc. Join the discussion at JBoard.tv.